NHL Points Leader By Country - Statistics

General Stats
  • This quiz has been taken 4,778 times
    2,564 since last reset
  • The average score is 7 of 22
Answer Stats
Country Points Player % Correct
Canada 2857 Wayne Gretzky
99%
Czech Republic 1921 Jaromir Jagr
89%
Russia 1278 Alexander Ovechkin
83%
Finland 1457 Teemu Selanne
74%
United States 1374 Mike Modano
62%
Slovenia 950 Anze Kopitar
57%
Sweden 1349 Mats Sundin
51%
Norway 392 Mats Zuccarello
37%
Slovakia 1467 Stan Mikita
22%
Austria 789 Thomas Vanek
18%
Kazakhstan 465 Nik Antropov
14%
Ukraine 892 Peter Bondra
11%
Denmark 467 Frans Nielsen
9%
Switzerland 434 Mark Streit
9%
Latvia 564 Sandis Ozolinsh
9%
Lithuania 591 Dainius Zubrus
8%
Germany 791 Dany Heatley
8%
United Kingdom 933 Steve Thomas
6%
Poland 435 Mariusz Czerkawski
5%
Serbia 866 Ivan Boldirev
2%
France 673 Paul MacLean
2%
Paraguay 437 Willi Plett
2%
No matching quizzes found
Score Distribution
Percent of People with Each Score
Percentile by Number Answered
Your Score History
You have not taken this quiz since the last reset